Геотехногенные системы подземных ядерных взрывов на территории Якутии (1974-1987 гг.): геоэкологические модели и особенности переноса радионуклидов и сопутствующих элементов: диссертация на соискание ученой степени доктора геолого-минералогических наук; спец. 25.00.36

Bibliografiska uppgifter
Huvudupphovsman: Артамонова С. Ю. Светлана Юрьевна
Institutionella upphovsmän: Национальный исследовательский Томский политехнический университет (ТПУ), Российская академия наук (РАН) Сибирское отделение (СО) Институт геологии и минералогии
Övriga upphovsmän: Рихванов Л. П. Леонид Петрович (научный консультант)
Sammanfattning:Защищена 15.12.2015 г.
Språk:ryska
Publicerad: Томск, 2015
Ämnen:
Materialtyp: Bok
KOHA link:https://koha.lib.tpu.ru/cgi-bin/koha/opac-detail.pl?biblionumber=312248

MARC

LEADER 00000nbm0a2200000 4500
001 312248
005 20231102002451.0
035 |a (RuTPU)RU\TPU\book\337616 
035 |a RU\TPU\book\337615 
090 |a 312248 
100 |a 20151218j20151215k y0rusy50 ca 
101 0 |a rus 
102 |a RU 
105 |a a m 001zy 
200 1 |a Геотехногенные системы подземных ядерных взрывов на территории Якутии (1974-1987 гг.): геоэкологические модели и особенности переноса радионуклидов и сопутствующих элементов  |e диссертация на соискание ученой степени доктора геолого-минералогических наук  |e спец. 25.00.36  |f С. Ю. Артамонова  |g Национальный исследовательский Томский политехнический университет (ТПУ) ; Российская академия наук (РАН), Сибирское отделение (СО), Институт геологии и минералогии ; науч. конс. Л. П. Рихванов 
210 |a Томск  |d 2015 
215 |a 336 л.  |c ил. 
300 |a Защищена 15.12.2015 г. 
320 |a Библиогр.: с. 278-291 (248 назв.). 
452 1 |0 (RuTPU)RU\TPU\book\343739  |t Геотехногенные системы подземных ядерных взрывов на территории Якутии (1974-1987 гг.): геоэкологические модели и особенности Переноса радионуклидов и сопутствующих элементов  |o диссертация на соискание ученой степени кандидата физико-математических наук  |o спец. 25.00.36   |f Т. Ю. Артамонова  |c Томск  |n [Б. и.]  |d 2015  |a Артамонова, Татьяна Юрьевна 
606 1 |a Радиоактивные элементы  |x Геохимия  |2 stltpush  |3 (RuTPU)RU\TPU\subj\22440  |9 47198 
610 1 |a ПЯВ 
610 1 |a подземные ядерные взрывы 
610 1 |a геологическая среда 
610 1 |a радионуклиды 
610 1 |a микроэлементы 
610 1 |a фоновое содержание 
610 1 |a природная среда 
610 1 |a вмещающая геологическая среда 
610 1 |a механическое разрушение 
610 1 |a расчетные модели 
610 1 |a флюидопроницаемая геоструктура 
610 1 |a тектонические разломы 
610 1 |a водоносные горизонты 
610 1 |a подземная радиоактивность 
610 1 |a Якутия 
610 1 |a радиоактивные загрязнения 
610 1 |a риски 
610 1 |a снижение 
610 1 |a геоэкологический мониторинг 
610 1 |a диссертации 
610 1 |a труды учёных ТПУ 
675 |a 550.42:546.7(04)  |v 3 
686 |a 25.00.36  |2 oksvnk 
700 1 |a Артамонова  |b С. Ю.  |g Светлана Юрьевна 
702 1 |a Рихванов  |b Л. П.  |c геолог  |c профессор Томского политехнического университета, доктор геолого-минералогических наук  |c заслуженный геолог РФ  |c почетный работник высшего образования РФ  |f 1945-  |g Леонид Петрович  |2 stltpush  |3 (RuTPU)RU\TPU\pers\23187  |4 695 
712 0 2 |a Национальный исследовательский Томский политехнический университет (ТПУ)  |c (2009- )  |2 stltpush  |3 (RuTPU)RU\TPU\col\15902 
712 0 2 |a Российская академия наук (РАН)  |b Сибирское отделение (СО)  |b Институт геологии и минералогии  |2 stltpush  |3 (RuTPU)RU\TPU\col\11925 
801 1 |a RU  |b 63413507  |c 20151218 
801 2 |a RU  |b 63413507  |c 20160425  |g RCR 
942 |c BK